[Event "Budapest FS06 GM"]
[Site "Budapest"]
[Date "2025.06.09"]
[Round "3"]
[White "Zverev, Lev"]
[Black "Md, Imran"]
[Result "1/2-1/2"]
[WhiteElo "2474"]
[BlackElo "2466"]
[PlyCount "61"]
[EventDate "2025.06.07"]
[EventType "tourn"]
[EventRounds "9"]
[EventCountry "HUN"]
[EventCategory "7"]
[SourceTitle "CB26_2025"]
[SourceDate "2025.06.25"]
[SourceVersion "1"]
[SourceVersionDate "2025.06.25"]
[SourceQuality "1"]

1. e4 e5 2. Nf3 Nc6 3. Bc4 Nf6 4. d3 Bc5 5. 0-0 d6 6. c3 a5 7. Re1 0-0 8. h3 h6 9. Nbd2 Be6 10. Bb5 Qb8 11. Nf1 Qa7 12. Be3 Bxe3 13. Nxe3 a4 14. Qc2 Ne7 15. d4 Ng6 16. Bc4 Bxc4 17. Nxc4 Rfe8 18. Rad1 Qa6 19. dxe5 Nxe5 20. Nfxe5 dxe5 21. Ne3 Qc6 22. Nd5 Nd7 23. Rd2 Nc5 24. Qd1 Rac8 25. Qf3 Qg6 26. Qe3 b6 27. f3 Qc6 28. Red1 Qb5 29. Qf2 Qc6 30. Ne3 Qe6 31. Rd5 1/2-1/2

[Event "Titled Tuesday intern op 03rd Jan Late"]
[Site "Chess.com INT"]
[Date "2025.06.03"]
[Round "9"]
[White "Fawole, John Oyeyemi"]
[Black "Md, Imran"]
[Result "0-1"]
[WhiteElo "1987"]
[BlackElo "2472"]
[PlyCount "82"]
[EventDate "2025.06.03"]
[EventType "swiss (blitz)"]
[EventRounds "11"]
[EventCountry "USA"]
[SourceTitle "CB24_2025"]
[SourceDate "2025.06.11"]
[SourceVersion "1"]
[SourceVersionDate "2025.06.11"]
[SourceQuality "1"]

1. e4 c6 2. d4 d5 3. Bd3 dxe4 4. Bxe4 Nf6 5. Bf3 g6 6. Ne2 Bg7 7. 0-0 0-0 8. c3 Na6 9. Bf4 Nc7 10. Nd2 Ncd5 11. Bg3 a5 12. a4 b6 13. Nc4 Ba6 14. Ne5 Rc8 15. Re1 e6 16. Nf4 Nxf4 17. Bxf4 Nd5 18. Bd2 c5 19. dxc5 bxc5 20. Qc2 Qc7 21. Qe4 Bb7 22. Qe2 Ba8 23. c4 Nb4 24. Bxa8 Rxa8 25. Bc3 Rad8 26. Rad1 h5 27. h3 Kh7 28. f4 Nc6 29. Nxc6 Qxc6 30. Bxg7 Kxg7 31. Qe5+ Kg8 32. b3 Qb6 33. Qc3 Rd4 34. Rxd4 cxd4 35. Qd3 Rb8 36. Re4 Qxb3 37. Qxd4 Qxa4 38. Re5 Qb4 39. Kh2 a4 40. Qa7 Rc8 41. c5 Qxf4+ 0-1

[Event "Belgrade Radnicki IM 05"]
[Site "Belgrade"]
[Date "2025.05.20"]
[Round "4"]
[White "Md, Imran"]
[Black "Bhagat, Kush"]
[Result "1/2-1/2"]
[WhiteElo "2472"]
[BlackElo "2279"]
[PlyCount "37"]
[EventDate "2025.05.17"]
[EventType "tourn"]
[EventRounds "9"]
[EventCountry "SRB"]
[EventCategory "1"]
[SourceTitle "CB22_2025"]
[SourceDate "2025.05.28"]
[SourceVersion "1"]
[SourceVersionDate "2025.05.28"]
[SourceQuality "1"]

1. d4 d5 2. Nf3 Nf6 3. c4 c6 4. Nc3 dxc4 5. a4 Bf5 6. Ne5 Nbd7 7. Nxc4 Qc7 8. g3 e5 9. Bg2 Rd8 10. 0-0 Be6 11. Nxe5 Nxe5 12. Bf4 Bd6 13. dxe5 Bxe5 14. Qc1 Bxf4 15. gxf4 0-0 16. a5 Qc8 17. e4 Bh3 18. f5 Bxg2 19. Kxg2 1/2-1/2

[Event "Budapest SixDays 05 GM-A"]
[Site "Budapest"]
[Date "2025.05.19"]
[Round "9"]
[White "Kovalev, Andrei"]
[Black "Md, Imran"]
[Result "1-0"]
[WhiteElo "2402"]
[BlackElo "2472"]
[PlyCount "71"]
[EventDate "2025.05.14"]
[EventType "tourn"]
[EventRounds "9"]
[EventCountry "HUN"]
[EventCategory "6"]
[SourceTitle "CB21_2025"]
[SourceDate "2025.05.21"]
[SourceVersion "1"]
[SourceVersionDate "2025.05.21"]
[SourceQuality "1"]

1. e4 c5 2. Nf3 Nc6 3. Bb5 e6 4. 0-0 Nge7 5. c3 a6 6. Be2 d5 7. exd5 Nxd5 8. d4 b6 9. dxc5 Bxc5 10. c4 Nde7 11. Qxd8+ Nxd8 12. Nc3 Bb7 13. Na4 Nf5 14. Rd1 Nc6 15. Bf4 Rc8 16. Bd3 Nce7 17. Be2 Bxf3 18. Bxf3 Bxf2+ 19. Kxf2 Rxc4 20. Be5 Rxa4 21. b3 Ra5 22. Bc7 Nd5 23. b4 Rb5 24. a4 Rxb4 25. Bxd5 Rb2+ 26. Kf3 Nh4+ 27. Kg3 Nf5+ 28. Kf3 Nh4+ 29. Kg3 Nf5+ 30. Kh3 Ke7 31. Be4 Rb3+ 32. g3 Ne3 33. Bd6+ Kf6 34. Rf1+ Nxf1 35. Rxf1+ Kg5 36. Rxf7 1-0

[Event "Belgrade Radnicki IM 05"]
[Site "Belgrade"]
[Date "2025.05.18"]
[Round "2"]
[White "Md, Imran"]
[Black "Popchev, Milko"]
[Result "1-0"]
[WhiteElo "2472"]
[BlackElo "2154"]
[PlyCount "48"]
[EventDate "2025.05.17"]
[EventType "tourn"]
[EventRounds "9"]
[EventCountry "SRB"]
[EventCategory "1"]
[SourceTitle "CB22_2025"]
[SourceDate "2025.05.28"]
[SourceVersion "1"]
[SourceVersionDate "2025.05.28"]
[SourceQuality "1"]

1. d4 Nf6 2. c4 c5 3. d5 Ne4 4. Qc2 Qa5+ 5. Nd2 Nxd2 6. Bxd2 Qc7 7. e4 e5 8. g3 d6 9. Bg2 Be7 10. Ne2 0-0 11. 0-0 Nd7 12. f4 a6 13. f5 b5 14. b3 Qd8 15. h4 Rb8 16. Bf3 Nb6 17. Kg2 Bd7 18. a4 bxc4 19. bxc4 Na8 20. a5 Nc7 21. Rh1 h6 22. Be1 Ne8 23. g4 f6 24. Ng1 Rb7 1-0

[Event "Pozarevac Rudar GM 04"]
[Site "Pozarevac"]
[Date "2025.04.14"]
[Round "9"]
[White "Yonal, Timur"]
[Black "Md, Imran"]
[Result "0-1"]
[WhiteElo "2297"]
[BlackElo "2433"]
[PlyCount "94"]
[EventDate "2025.04.07"]
[EventType "tourn"]
[EventRounds "9"]
[EventCountry "SRB"]
[EventCategory "6"]
[SourceTitle "CB20_2025"]
[SourceDate "2025.05.14"]
[SourceVersion "1"]
[SourceVersionDate "2025.05.14"]
[SourceQuality "1"]

1. e4 c5 2. Nf3 Nc6 3. Bb5 d6 4. d4 cxd4 5. Qxd4 Bd7 6. Bxc6 bxc6 7. c4 c5 8. Qd3 g6 9. Nc3 Bg7 10. 0-0 Nf6 11. Be3 0-0 12. e5 Bf5 13. Qd2 Ne4 14. Nxe4 Bxe4 15. Ng5 Bf5 16. exd6 Qxd6 17. Rad1 Qb6 18. b3 Rfd8 19. Qe2 h6 20. Nf3 g5 21. h3 e5 22. Rxd8+ Rxd8 23. Rd1 e4 24. Rxd8+ Qxd8 25. Qd2 Qf6 26. Ne1 Qa1 27. Kf1 Bc3 28. Qc1 Qxc1 29. Bxc1 Be5 30. Nc2 Be6 31. Be3 Bd6 32. Na3 a6 33. Nb1 Bd7 34. Nc3 Bc6 35. h4 f5 36. hxg5 f4 37. Bd2 hxg5 38. Ne2 Kf7 39. g3 e3 40. fxe3 f3 41. Nc3 Bxg3 42. Be1 Be5 43. Kf2 g4 44. Nd5 Ke6 45. Nf4+ Kf5 46. Bd2 Ke4 47. Bc1 Bc3 0-1

[Event "Pozarevac Rudar IM 03"]
[Site "Pozarevac"]
[Date "2025.04.06"]
[Round "9"]
[White "Md, Imran"]
[Black "Arias Gaviria, Mario Alexis"]
[Result "1-0"]
[WhiteElo "2421"]
[BlackElo "2284"]
[PlyCount "119"]
[EventDate "2025.03.30"]
[EventType "tourn"]
[EventRounds "9"]
[EventCountry "SRB"]
[SourceTitle "CB15_2025"]
[SourceDate "2025.04.09"]
[SourceVersion "1"]
[SourceVersionDate "2025.04.09"]
[SourceQuality "1"]

1. d4 Nf6 2. Nf3 e6 3. Bf4 b6 4. e3 Bb7 5. Be2 Bd6 6. Bxd6 cxd6 7. 0-0 d5 8. a4 a6 9. Nbd2 d6 10. c4 0-0 11. b4 Nc6 12. b5 Na5 13. bxa6 Bxa6 14. cxd5 exd5 15. Bxa6 Rxa6 16. Qe2 Ra8 17. Rab1 Nc6 18. Rfc1 Ne7 19. Qb5 Ra5 20. Qxb6 Rxa4 21. Rc7 Ra2 22. Qb7 Ng6 23. Rbc1 Qa8 24. Rxf7 Rxf7 25. Rc8+ Qxc8 26. Qxc8+ Nf8 27. h3 h6 28. Qc6 Rd7 29. Kh2 Rb2 30. g4 Ra7 31. Kg2 Raa2 32. h4 Rc2 33. Qxd6 Rxd2 34. Nxd2 Rxd2 35. Qd8 Kf7 36. Qa5 Rxf2+ 37. Kxf2 Nxg4+ 38. Kf3 Nf6 39. Qc7+ N8d7 40. h5 Ke6 41. Qg3 Kf7 42. Qg6+ Kg8 43. Kf4 Nf8 44. Qf5 Kf7 45. Ke5 Ke7 46. Qc8 N8d7+ 47. Kf5 Nxh5 48. Qg8 Ng3+ 49. Kg6 Nf8+ 50. Kxg7 Nf5+ 51. Kh8 Ne6 52. Qa8 Nc7 53. Qc6 Ne6 54. Qxd5 Nxe3 55. Qe4 Kf6 56. Qe5+ Kf7 57. Qxe3 Ng5 58. d5 Kg6 59. Qe8+ Kf6 60. Kg8 1-0

[Event "Pozarevac Rudar IM 03"]
[Site "Pozarevac"]
[Date "2025.04.02"]
[Round "4"]
[White "Md, Imran"]
[Black "Rihterovic, Milan"]
[Result "1-0"]
[WhiteElo "2421"]
[BlackElo "2177"]
[PlyCount "145"]
[EventDate "2025.03.30"]
[EventType "tourn"]
[EventRounds "9"]
[EventCountry "SRB"]
[SourceTitle "CB15_2025"]
[SourceDate "2025.04.09"]
[SourceVersion "1"]
[SourceVersionDate "2025.04.09"]
[SourceQuality "1"]

1. d4 Nf6 2. c4 g6 3. Nc3 Bg7 4. e4 0-0 5. Nf3 d6 6. h3 e5 7. d5 Na6 8. Be3 Nc5 9. Nd2 a5 10. g4 Bd7 11. Be2 a4 12. g5 Ne8 13. h4 f5 14. h5 a3 15. h6 Bh8 16. b3 c6 17. Bxc5 dxc5 18. Rg1 Nd6 19. Qc2 fxe4 20. Ncxe4 Nf5 21. Nf3 Nd4 22. Nxd4 exd4 23. 0-0-0 Bf5 24. dxc6 bxc6 25. Bd3 Bxe4 26. Bxe4 Qd6 27. Bd3 Be5 28. Kb1 Rae8 29. Qc1 Ra8 30. Qc2 Bf4 31. Rde1 Rae8 32. Qd1 Re5 33. Rxe5 Bxe5 34. Qe2 Bh2 35. Re1 Bf4 36. Qg4 Be5 37. Re2 Rf4 38. Qc8+ Rf8 39. Qh3 Rf7 40. Kc2 Rf8 41. Kd1 Kh8 42. Qg4 Kg8 43. Ke1 Rf4 44. Qc8+ Rf8 45. Qh3 Bf4 46. Qg4 Be5 47. Kf1 Rf4 48. Qc8+ Rf8 49. Qh3 Rf4 50. Be4 Rf8 51. Bxc6 d3 52. Bd5+ Kh8 53. Qxd3 Bd4 54. Qe4 Qh2 55. Qf3 Qb8 56. Bf7 Qd8 57. Qd5 Qb8 58. Re4 Bb2 59. Kg2 Qc8 60. Qe6 Qxe6 61. Rxe6 Bc3 62. f4 Rc8 63. Rd6 Rb8 64. Rd7 Rc8 65. Kf3 Bb2 66. Ke4 Bc3 67. Kf3 Bb2 68. Kg4 Bd4 69. Be6 Rb8 70. f5 gxf5+ 71. Bxf5 Kg8 72. Bxh7+ Kf8 73. g6 1-0

[Event "Budapest One Week GM-B 03"]
[Site "Budapest"]
[Date "2025.03.19"]
[Round "5"]
[White "Sklokin, Sergey"]
[Black "Md, Imran"]
[Result "0-1"]
[WhiteElo "2338"]
[BlackElo "2421"]
[PlyCount "156"]
[EventDate "2025.03.17"]
[EventType "tourn"]
[EventRounds "9"]
[EventCountry "HUN"]
[EventCategory "6"]
[SourceTitle "CB13_2025"]
[SourceDate "2025.03.26"]
[SourceVersion "1"]
[SourceVersionDate "2025.03.26"]
[SourceQuality "1"]

1. e4 c5 2. Nf3 Nc6 3. d4 cxd4 4. Nxd4 e6 5. Nc3 Qc7 6. Be3 a6 7. Qf3 Nf6 8. Qg3 Qxg3 9. hxg3 Ng4 10. Nxc6 Nxe3 11. Nd4 Nxf1 12. Rxf1 b5 13. 0-0-0 Bb7 14. f3 Rc8 15. Kb1 Bb4 16. Nce2 Ke7 17. Nb3 Rhd8 18. Rh1 h6 19. e5 Ke8 20. Rd4 Bc5 21. Rg4 Bf8 22. Rd1 f6 23. exf6 gxf6 24. a4 Kf7 25. Nc3 Bc6 26. axb5 axb5 27. Nd4 b4 28. Na2 Bd5 29. Nb3 Bc4 30. Nbc1 e5 31. Rh4 Bxa2+ 32. Nxa2 Rb8 33. c4 bxc3 34. Nxc3 Rb7 35. Nd5 Rc8 36. Ra4 Rcb8 37. Rd2 Bc5 38. Ra6 d6 39. Kc1 Ke6 40. b4 Bd4 41. Nf4+ Kd7 42. Nd5 f5 43. Rda2 Ke6 44. R6a5 Rg8 45. Rc2 Rxg3 46. Nc7+ Rxc7 47. Rxc7 Bb6 48. Rc2 Bxa5 49. bxa5 Rg7 50. a6 Ra7 51. Ra2 Kd5 52. Kd2 Kc4 53. f4 Kb5 54. Ke2 h5 55. fxe5 dxe5 56. Rd2 Kc6 57. Ra2 Kb6 58. Rb2+ Kxa6 59. Rb8 Rg7 60. Kf2 Rg4 61. Re8 Rf4+ 62. Ke2 Re4+ 63. Kf3 h4 64. Rb8 Ka5 65. Rb7 Rf4+ 66. Ke3 Rg4 67. Kf2 Rb4 68. Re7 Rf4+ 69. Kg1 e4 70. Rb7 e3 71. Rb3 Re4 72. Kf1 f4 73. Ke2 Rb4 74. Ra3+ Ra4 75. Rb3 Ra2+ 76. Kf1 Ra1+ 77. Ke2 Rg1 78. Kf3 Rf1+ 0-1

[Event "Titled Tuesday intern op 04th Feb Early"]
[Site "Chess.com INT"]
[Date "2025.02.04"]
[Round "2"]
[White "Md, Imran"]
[Black "Sahil, Tickoo"]
[Result "0-1"]
[WhiteElo "2421"]
[BlackElo "2186"]
[PlyCount "134"]
[EventDate "2025.02.04"]
[EventType "swiss (blitz)"]
[EventRounds "11"]
[EventCountry "USA"]
[SourceTitle "CB07_2025"]
[SourceDate "2025.02.12"]
[SourceVersion "1"]
[SourceVersionDate "2025.02.12"]
[SourceQuality "1"]

1. Nf3 d5 2. g3 Nf6 3. Bg2 c6 4. 0-0 Bf5 5. d3 h6 6. Nbd2 e6 7. Qe1 Bh7 8. e4 Be7 9. Qe2 0-0 10. Rd1 a5 11. h4 a4 12. e5 Nfd7 13. a3 c5 14. Nf1 Nc6 15. N1h2 Re8 16. h5 Bf8 17. Ng4 Bf5 18. Ngh2 Qc7 19. Bf4 b5 20. g4 Bh7 21. g5 hxg5 22. Nxg5 Nd4 23. Qd2 Nxe5 24. Nxh7 Kxh7 25. h6 f5 26. Re1 Bd6 27. hxg7 Qxg7 28. Kh1 Rad8 29. Rg1 Ng4 30. Bxd6 Rxd6 31. Bh3 Qh6 32. Qxh6+ Nxh6 33. c3 Ne2 34. Rge1 Nf4 35. Bf1 e5 36. Nf3 e4 37. Ng5+ Kg6 38. Nh3 Nxh3 39. Bxh3 Kf6 40. Rad1 Rdd8 41. dxe4 dxe4 42. Rg1 c4 43. Kg2 Rd3 44. Kf1 Rxh3 45. Rd6+ Re6 46. Rd8 Ng4 47. Rf8+ Ke5 48. Rb8 Rf3 49. Rxb5+ Kf6 50. Ke1 Nxf2 51. Ke2 Ng4 52. Rh1 Rd6 53. Rh5 Rf2+ 54. Ke1 Rd3 55. Rh8 Kg5 56. Rg8+ Kf4 57. Rxg4+ fxg4 58. Kxf2 g3+ 59. Ke1 g2 60. Kf2 Rd2+ 61. Kg1 e3 62. Rb8 e2 63. Rf8+ Ke3 64. Re8+ Kd3 65. Rd8+ Kc2 66. Re8 Kd1 67. Kxg2 e1Q+ 0-1